Fundamental methods of mathematical econimics (Record no. 7792)

MARC details
000 -LEADER
fixed length control field 00469cam a2200193ua 4500
001 - CONTROL NUMBER
control field 8700
005 - DATE AND TIME OF LATEST TRANSACTION
control field 20260515114352.0
008 - FIXED-LENGTH DATA ELEMENTS--GENERAL INFORMATION
fixed length control field 150212n ii |||gr||||Z||||||eng
040 ## - CATALOGING SOURCE
Transcribing agency MAIN
041 ## - LANGUAGE CODE
Language code of text/sound track or separate title eng
082 ## - DEWEY DECIMAL CLASSIFICATION NUMBER
Classification number 330.1543
100 ## - MAIN ENTRY--PERSONAL NAME
Personal name Chiang, A. C.,
Relator term Author.
245 1# - TITLE STATEMENT
Title Fundamental methods of mathematical econimics
Statement of responsibility, etc. By Alpha C. Chiang
250 ## - EDITION STATEMENT
Edition statement 3rd.
260 ## - PUBLICATION, DISTRIBUTION, ETC.
Place of publication, distribution, etc. New Delhi:
Name of publisher, distributor, etc. Mcgraw,
Date of publication, distribution, etc. 1984.
300 ## - PHYSICAL DESCRIPTION
Extent 788p.
653 ## - INDEX TERM--UNCONTROLLED
Uncontrolled term Economics
942 ## - ADDED ENTRY ELEMENTS (KOHA)
Koha item type Books
Holdings
Withdrawn status Lost status Damaged status Not for loan Home library Current library Shelving location Date acquired Total checkouts Full call number Barcode Date last seen Date last checked out Copy number Price effective from Koha item type
        Naharkatiya College Library Naharkatiya College Library General stacks 09/19/2020 1 330.1543 | CHI 2278 01/20/2022 01/20/2022 1 09/19/2020 Books